LOTR Character by Quote Quiz Stats

 Plays Quiz Updated Aug 25, 2019

Score 0/24 Timer 08:00
2 Plays Today
% Correct
Gollum
93.1%
Frodo Baggins
90.7%
Samwise Gamgee
90.1%
Witch King
87.3%
Elrond Half-Elven
85.8%
Bilbo Baggins
85.1%
Gimli
83.6%
Aragorn
83.4%
Peregrin 'Pippin' Took
80.8%
Grima Wormtongue
79%
Boromir
76.5%
Meriadoc 'Merry'
Brandybuck
75.5%
% Correct
Saruman
75.4%
Haldir
75.1%
Eowyn
73.8%
Legolas Greenleaf
70.4%
Gandalf
67.5%
Arwen
67.4%
Theoden
66.1%
Eomer
55.1%
Denethor
54.7%
Galadriel
53.1%
Faramir
51.8%
Treebeard
46%

You're not logged in!

Compare scores with friends on all Sporcle quizzes.
OR
Log In

Sporcle TV

Today on Sporcle TV


Watch our educational content, quiz creation guides, and fun videos on Sporcle TV.

Show Comments

Extras

Top Quizzes Today


Score Distribution

Your Account Isn't Verified!

In order to create a playlist on Sporcle, you need to verify the email address you used during registration. Go to your Sporcle Settings to finish the process.

Report this User

Report this user for behavior that violates our Community Guidelines.

Details: